Complications in endovascular surgery / (Record no. 2421)

MARC details
000 -LEADER
fixed length control field 00438cam a22001575i 4500
008 - FIXED-LENGTH DATA ELEMENTS--GENERAL INFORMATION
fixed length control field 200709s2021 pau 000 0 eng
020 ## - INTERNATIONAL STANDARD BOOK NUMBER
ISBN 9780323554480
100 1# - MAIN ENTRY--AUTHOR
Author Dryjski, Maciej,
245 10 - TITLE STATEMENT
Title Complications in endovascular surgery /
Statement of responsibility, etc Maciej Dryjski, Linda M. Harris.
250 ## - EDITION STATEMENT
Edition statement First.
260 ## - PUBLICATION, DISTRIBUTION, ETC. (IMPRINT)
Place of publication Philadelpia
Name of publisher Elsevier Ltd
Date of publication 2022
300 ## - COLLATION
Pagination pages cm
700 1# - ADDITIONAL AUTHOR
Additional Author Harris, Linda M.,
942 ## - ADDED ENTRY ELEMENTS (KOHA)
Item type Books
050 ## - LIBRARY OF CONGRESS CALL NUMBER
Classification number RD598.5
Item number .C66
Holdings
Source of classification or shelving scheme Not for loan Permanent location Current location Date acquired Accession No. Full call number Barcode. Koha item type
Library of Congress Classification   Medical Library Medical Library 03/18/2025 2024/64315 RD598.5.C66 2025-0685 Books